Kwame Nkrumah: a story from CIA files (Record no. 285)

MARC details
000 -LEADER
fixed length control field 00452nam a2200169Ia 4500
008 - FIXED-LENGTH DATA ELEMENTS--GENERAL INFORMATION
fixed length control field 240428s9999||||xx |||||||||||||| ||und||
020 ## - INTERNATIONAL STANDARD BOOK NUMBER
International Standard Book Number 2018354848
041 ## - LANGUAGE CODE
Language code of text/sound track or separate title eng
082 ## - DEWEY DECIMAL CLASSIFICATION NUMBER
Classification number 327.12A
100 ## - MAIN ENTRY--PERSONAL NAME
Personal name Akurgo, Alex
245 #0 - TITLE STATEMENT
Title Kwame Nkrumah: a story from CIA files
260 ## - PUBLICATION, DISTRIBUTION, ETC.
Name of publisher, distributor, etc. STARICOM
Place of publication, distribution, etc. Accra
Date of publication, distribution, etc. 2018
300 ## - PHYSICAL DESCRIPTION
Extent xiii, 326p: imgs;
650 ## - SUBJECT ADDED ENTRY--TOPICAL TERM
Topical term or geographic name entry element Kwame Nkrumah - Foreign Relations between Ghana and Britain during
942 ## - ADDED ENTRY ELEMENTS (KOHA)
Koha item type Books
Holdings
Withdrawn status Lost status Damaged status Not for loan Home library Current library Shelving location Date acquired Total checkouts Full call number Date last seen Copy number Price effective from Koha item type
        Main Library Main Library Open Shelves 19/08/2021   327.12A 1180 C1 29/04/2024 1 29/04/2024 Books
©2026  Parliament of Ghana Library - All rights reserved